000 00826cam a2200253 a 4500
001 000019789
005 20200929170135.0
008 820211s1964 sp 001 f spa d
040 _aDO-SdBNP
_cCNE
_dTxKT
_dOKentU
_dDLC
_dBNPHU
082 _a863.6
_bB264g, 1964
100 1 _aBaroja, Pío,
_d1872-1956
_98694
245 1 3 _aEl gran torbellino del mundo /
_cPío Baroja.
250 _a3a ed.
260 _aMadrid :
_bEspasa-Calpe,
_c1964.
300 _a236, [18] p. ;
_c18 cm.
490 0 _aAustral. Azul: novelas y cuentos en general
_v256
500 _aIncluye índice de autores.
650 4 _aNovela española
_91123
650 4 _aLiteratura española
_ySIGLO XX
_93326
830 0 _aAustral.
_pAzul: novelas y cuentos en general;
_v256
_922386
910 _aCatalogación derivada / LC
910 _aWM
049 _aBNGR
999 _c19302
_d19302